00310nam a2200133 a 45000010010000000030011000100080041000210350026000620820014000881000012001022450021001142600033001356500008001680000-8550ELIB.Books110520 1996  a(ELIB.Books)0000-8695 a231 bUra aUrantia aThe Urantia Book bChicago: Uversa Press c1996 aGod